000 02725nam0a2200361 4500
001 RU\NLR\BIBL_A\012025672
005 20190626164217.0
010 _a978-5-6042183-8-9
_9500
021 _aRU
_bКН-П-19-033797
_9КН-П-19-2511
035 _a(NLR Aleph) 012025672
035 _a(RuMoRGB)009976760
090 _a11524756
_c11524756
100 _a20190530d2019 k y0rusy50 ca
101 0 _arus
102 _aRU
105 _aac||z|||000zy
200 1 _aАнализ тенденций социально-экономического развития Республики Крым
_e[монография
_fМайданевич Юлия Петровна, доктор экономических наук, доцент, Василенко Валентин Александрович, доктор экономических наук, профессор, Заслуженный деятель науки и техники Украины, Лауреат премии РК, академик, Черемисина Светлана Георгиевна, доктор экономических наук, доцент и др.
_gпод ред. д.э.н., доцента Ю.П. Майданевич]
_gМинистерство образования и науки Российской Федерации, Федеральное государственное автономное образовательное учреждение высшего образования "Крымский федеральный университет имени В.И. Вернадского", Институт экономики и управления (структурное подразделение)
210 _aСимферополь
_cПолипринт
_d2019
215 _a361 с.
_cил., портр.
_d21
300 _aАвт. указаны на с. 357-361
320 _aБиблиогр. в конце гл.
607 _aКрым, Республика
_xСоциально-экономическое развитие
_2nlr_sh2
_3RU\NLR\AUTH\6601601026
686 1 _aУ03(2Р-6Крм)74
701 1 _aМайданевич
_bЮ. П.
_gЮлия Петровна
701 1 _aВасиленко
_bВ. А.
_gВалентин Александрович
701 1 _aЧеремисина
_bС. Г.
_gСветлана Георгиевна
712 0 2 _aКрымский федеральный университет им. В. И. Вернадского
_cСимферополь
_bИнститут экономики и управления
_3RU\NLR\AUTH\880442915
_4570
942 _cBOOK
980 _aNBR
980 _aNB